| 000 | 00556nam a2200157Ia 4500 | ||
|---|---|---|---|
| 008 | 151213s9999 xx 000 0 und d | ||
| 100 | _aমআব্দুল কুদ্দুস | ||
| 245 |
_aমূল্য সংযোজন কর ও আইন _cমআব্দুল কুদ্দুস |
||
| 250 | _a১ম সং | ||
| 260 |
_aঢাকা _bম্্ৈরত্রী পাবলিকেশন্স _c2009 |
||
| 300 | _a7067 p. | ||
| 650 | _aLaw | ||
| 650 | _aLaw | ||
| 700 | _aমআব্দুল কুদ্দুস | ||
| 999 |
_c3741 _d3741 |
||